| 000 | 00409 a2200145 4500 | ||
|---|---|---|---|
| 020 | _a0735606315 | ||
| 040 |
_aDLC _bDLC |
||
| 082 | 0 | 0 | _a005.1 |
| 100 | 1 | _aWiegers, Karl Eugene, | |
| 245 | 1 | 0 |
_aSoftware requirements _cKarl E. Wiegers. |
| 260 |
_aRedmon, Wash. : _bMicrosoft Press, _cc1999. |
||
| 300 |
_axii, 350 p. : _bill. ; _c24 cm. |
||
| 650 | 0 |
_aComputer software _xDevelopment. |
|
| 942 |
_cBK _k005.1 WIE _2ddc |
||
| 999 |
_c8782 _d8782 |
||